[Event "Groningen op-A"]
[Site "Groningen"]
[Date "2006.12.25"]
[Round "3"]
[White "Wuestefeld, Emile"]
[Black "Pouw, Marcel Andre"]
[Result "1-0"]
[WhiteElo "2280"]
[BlackElo "1832"]
[PlyCount "44"]
[EventDate "2006.12.23"]
[EventType "swiss"]
[EventRounds "9"]
[EventCountry "NED"]
[SourceTitle "CBM 116 Extra"]
[Source "ChessBase"]
[SourceDate "2007.03.07"]
[SourceVersion "1"]
[SourceVersionDate "2007.03.07"]
[SourceQuality "1"]

1. e4 b6 2. d4 Bb7 3. Nc3 e6 4. Nf3 Bb4 5. Bd3 Nf6 6. Qe2 d5 7. exd5 Nxd5 8. Bd2 Nxc3 9. bxc3 Be7 10. 0-0 0-0 11. a4 a5 12. Rfe1 Nd7 13. Rab1 Bc6 14. Bb5 Bb7 15. Bf4 Bf6 16. Nd2 c6 17. Bd3 Bg5 18. Bd6 Re8 19. Ne4 f5 20. Nxg5 Qxg5 21. f3 Ra7 22. Bc4 c5 1-0

[Event "Ruhrgebiet VL1 0405"]
[Site "Ruhrgebiet"]
[Date "2005.03.13"]
[Round "8.8"]
[White "Wuestefeld, Emile"]
[Black "Gaessner, Markus"]
[Result "1-0"]
[WhiteElo "2267"]
[BlackElo "1745"]
[PlyCount "45"]
[EventDate "2004.09.12"]
[EventType "team"]
[EventRounds "9"]
[EventCountry "GER"]
[SourceTitle "EXT 2006"]
[Source "ChessBase"]
[SourceDate "2005.11.24"]
[SourceVersion "1"]
[SourceVersionDate "2005.11.24"]
[SourceQuality "1"]
[WhiteTeam "Bochum SV 02"]
[BlackTeam "Werne SK"]
[WhiteTeamCountry "GER"]
[BlackTeamCountry "GER"]

1. e4 e6 2. d4 d5 3. Nc3 Bb4 4. e5 Ne7 5. a3 Bxc3+ 6. bxc3 Ng6 7. h4 h6 8. Qg4 Kf8 9. Bd3 Qe8 10. Nh3 Ne7 11. Nf4 g6 12. h5 g5 13. Nh3 Rg8 14. 0-0 Nf5 15. f4 f6 16. exf6 gxf4 17. Qxf4 Qxh5 18. Bxf5 exf5 19. Qxc7 Nc6 20. Bf4 Be6 21. Bd6+ Ke8 22. Nf4 Qf7 23. Nxe6 1-0